| 000 | 01074nam a2200265 a 4500 | ||
|---|---|---|---|
| 001 | 000023565 | ||
| 005 | 20200930022319.0 | ||
| 008 | 101213s1952 sp r 000 0 spa d | ||
| 040 |
_aDO-SdBNP _bspa _cBNPHU |
||
| 041 | 1 | 7 |
_aspa _heng _2Código de idiomas MARC |
| 082 |
_annnn _bZ16h |
||
| 100 | 1 |
_aZacharias, Ellis M., _948575 |
|
| 240 | 1 | 0 |
_aBehind closed doors : the secret history of the cold war. _lEspañol. |
| 245 | 1 | 0 |
_aHistoria secreta de la guerra fría / : _bEllis M. Zacharias..., con la colaboración de Ladislas Farago ; traducción de Luis Palazón. |
| 260 |
_aBarcelona : _bJosé Janés, _c1952. |
||
| 300 |
_a323, p. ; _c22 cm. |
||
| 490 | 1 | _aLos libros de Nuestro Tiempo | |
| 504 | _aIncluye referencias bibliográficas y notas al pie de las páginas. | ||
| 534 |
_pTítulo original en inglés: _tBehind closed doors : the secret history of the cold war. |
||
| 504 | _aBibliografía: p. [299]-323. | ||
| 700 | 1 |
_aFarago, Ladislas, _948576 |
|
| 700 | 1 |
_aPalazón, Luis, _etr. _948577 |
|
| 830 | 4 |
_aLos libros de Nuestro Tiempo _948578 |
|
| 049 | _aBNGR | ||
| 999 |
_c23061 _d23061 |
||